000 00344nam a22001217a 4500
003 SGT
082 _a200
_bS16S
100 _aश्रीवास्तव, मनोज कुमार
245 _aसुंदरकांड : एक पुनर्पाठ
260 _b रचना समय
_c2016
300 _a679
942 _2ddc
_cBK
999 _c31720
_d31720